MARC

LEADER 00000nam0a2200000 4500
001 126267
005 20231101220002.0
035 |a (RuTPU)RU\TPU\book\136601 
090 |a 126267 
100 |a 20071126d1970 km y0rusy50 ca 
101 0 |a rus 
102 |a RU 
105 |a a z 001zy 
200 1 |a Упрочнение конструкционных сталей нитридами  |f М. И. Гольдштейн [и др.] 
210 |a Москва  |c Металлургия  |d 1970 
215 |a 224 с.  |c ил. 
320 |a Библиогр.: с. 213-222. 
606 1 |a Сталь конструкционная  |2 stltpush  |3 (RuTPU)RU\TPU\subj\72649  |9 86070 
610 1 |a сталь 
610 1 |a конструкционные стали 
610 1 |a упрочнение 
610 1 |a нитриды 
610 1 |a металлы 
610 1 |a прочность 
610 1 |a азотсодержащие сплавы 
610 1 |a строительные стали 
610 1 |a конструкционные стали 
675 |a 669.14.018.29  |v 3 
701 1 |a Гольдштейн  |b М. И. 
701 1 |a Гринь  |b А. В. 
701 1 |a Блюм  |b Э. Э. 
701 1 |a Панфилова  |b Л. М. 
801 1 |a RU  |b 63413507  |c 20071126  |g PSBO 
801 2 |a RU  |b 63413507  |c 20190828  |g PSBO 
942 |c BK